Inmigrantes non gratos
Saved in:
| Format: | Text |
|---|---|
| Subjects: | |
| Tags: |
Add Tag
No Tags, Be the first to tag this record!
|
MARC
| LEADER | 00000 a a2200000 04500 | ||
|---|---|---|---|
| 001 | 6583 | ||
| 003 | |||
| 040 | |||
| 245 | |a Inmigrantes non gratos | ||
| 650 | |a INMIGRACION ILEGAL | ||
| 650 | |a COOPERACION INTERNACIONAL | ||
| 650 | |a EUROPA | ||
| 773 | |g volumen 23, número 1005; páginas 4-5 | ||
| 999 | |c 27102 |d 27102 | ||
